| 000 | 01441cam a22004334i 4500 | ||
|---|---|---|---|
| 003 | PE-LiUPU | ||
| 005 | 20250731184533.0 | ||
| 008 | 150623s r 000 0 d | ||
| 035 | _a(Sirsi) a23364 | ||
| 040 |
_aPE-LiUPU _bspa _cPE-LiUPU _erda |
||
| 082 | 0 | 4 |
_a928.9 _bE97 _221 |
| 100 | 1 |
_aExpreso Editora Nacional, _eautor. |
|
| 245 | 1 | 0 | _aEscritores del siglo XX. |
| 264 | 1 |
_aLima : _bExpreso Editora Nacional, _c1999. |
|
| 300 |
_a320 páginas : _bilustraciones fotos, gráficos ; _c28 cm. |
||
| 336 |
_atext _2rdacontent |
||
| 337 |
_aunmediated _2rdamedia |
||
| 338 |
_avolume _2rdacarrier |
||
| 500 | _aEdición cultural coleccionable del Diario 'Expreso', Lima. 40 fascículos a colores. | ||
| 505 | 0 | _aEscritores del siglo XX. | |
| 526 | _aP136 | ||
| 526 | _aP135 | ||
| 526 | _aP134 | ||
| 526 | _aP133 | ||
| 526 | _aP144 | ||
| 526 | _aP143 | ||
| 526 | _aP87 | ||
| 526 | _aP35 | ||
| 526 | _aP20 | ||
| 526 | _aP14 | ||
| 526 | _aP10 | ||
| 526 | _aP06 | ||
| 650 | 0 | 4 |
_aEscritores _zPerú _ySiglo XX. |
| 942 |
_2ddc _cBOOK |
||
| 949 |
_a928.9 E97 _wDEWEY _c1 _i47507 _lCCODEBUL1 _mBUL _p00.00 _r0 _sY _tBOOK _u2015-06-24 _xBIBLIOTECA _zUNKNOWN _0COMPRA _o.STAFF. Colección General |
||
| 596 | _a1 | ||
| 999 |
_a928.9 E97 _wDEWEY _c24033 _i47507 _f2021-11-8 _g5 _lCCODEBUL1 _mBUL _r0 _sY _tBOOK _u2015-6-24 _xBIBLIOTECA _zUNKNOWN _0COMPRA _o.STAFF. Colección General _d24033 |
||
| 980 |
_81 _gALBERTO SANCHEZ Responsable de Automatización |
||